Jeux Olympiques 2024 - Le plus de médailles d'or. - Statistiques

Statistiques générales
  • Ce quiz a été pris 148 fois
    86 depuis la dernière actualisation
  • Le résultat moyen est 38 sur 61
Statistiques - réponses
Rang Nombre de médailles d'or Pays % Correct
1 40 Chine
100%
1 40 États-Unis
100%
5 16 France
100%
3 20 Japon
97%
7 14 Grande-Bretagne
96%
4 18 Australie
92%
20 3 Brésil
92%
9 12 Allemagne
88%
12 9 Canada
87%
8 13 Corée-du-Sud
87%
15 5 Espagne
87%
41 1 Argentine
85%
29 2 Algérie
84%
9 12 Italie
84%
41 1 Maroc
81%
16 4 Suède
81%
6 15 Pays-Bas
79%
41 1 Pologne
79%
16 4 Norvège
77%
41 1 Portugal
77%
16 4 Irlande
76%
11 10 Nouvelle-Zélande
76%
41 1 Suisse
75%
20 3 Belgique
72%
41 1 Afrique-du-Sud
68%
41 1 Grèce
68%
20 3 Ukraine
68%
29 2 Danemark
67%
16 4 Kenya
67%
41 1 Chili
63%
41 1 Égypte
63%
41 1 Jamaïque
63%
41 1 Éthiopie
60%
29 2 Indonésie
60%
29 2 Autriche
59%
41 1 Tunisie
59%
20 3 Iran
57%
20 3 Roumanie
57%
20 3 Serbie
57%
14 6 Hongrie
56%
29 2 Croatie
55%
41 1 Israël
55%
29 2 Cuba
53%
20 3 Bulgarie
52%
13 8 Ouzbékistan
51%
29 2 Slovénie
51%
20 3 République-tchèque
49%
41 1 Thaïlande
48%
41 1 Pakistan
45%
41 1 Kazakhstan
43%
20 3 Géorgie
41%
41 1 Sainte-Lucie
41%
41 1 Équateur
37%
29 2 Philippines
33%
29 2 Azerbaïdjan
31%
41 1 Botswana
29%
41 1 Guatemala
20%
29 2 Bahreïn
19%
41 1 Ouganda
17%
41 1 République Dominicaine
16%
41 1 Dominique
12%
Aucun quiz correspondant
Distribution des résultats
% des personnes avec chaque résultat
Percentile par nombre de réponses
Votre historique - résultats
Vous n’avez pas pris ce quiz depuis la dernière actualisation